000 01363cam a22002415a 4500
001 L158067
008 140311s2013 xxk f 000 0 eng d
020 _a9781783210206
035 _a(Sirsi) u158067
041 0 _aeng
100 2 _aWright, Geoffrey
110 1 _aRoyal Institution of Chartered Surveyors
_94900
245 0 0 _aSurveyors acting as arbitrators in commercial property rent reviews
_bRICS guidance note
_b[electronic resource]
250 _a9th edition
260 _aLondon
_bRICS
_c2013
520 _aOffers guidance to chartered surveyors who are appointed by the President of RICS or directly by parties to act as arbitrators in commercial property rent reviews. Discusses the principles of arbitration, the powers and duties of the arbitrator, steps leading up to the appointment of an arbitrator, involvements and conflicts of interest, inability to act and replacement of an arbitrator, rules of evidence, the arbitration proceedings, evaluating evidence, the award, fees and costs.
590 _aKA
651 4 _aEngland and Wales
_y1543-
651 4 _aNorthern Ireland
_y2007-
690 _aCommercial property
_96227
856 4 0 _uhttps://www.rics.org/Global/Surveyors_acting_as_arbitrators_commercial_property_rent_reviews_9th_edition_PGguidance_2013.pdf
_zView the item free of charge from the www.rics.org website.
942 _n0
999 _c115118
_d115118